000 00909nam a2200289 i 4500
003 EG-GICUC
005 20260324084804.0
008 260324s1953 -ukac||| |||| 001 0 eng d
040 0 _aEG-GiCUC
_beng
_cEG-GiCUC
_dEG-GiCUC
_erda
041 0 _aeng
082 0 4 _221
_a341.48
_bVE . R
092 0 4 _221
099 _aLaw1 11 341.48 VE . R 1953
100 1 _aVernant, Jacques
_eAuthor.
245 1 4 _aThe Refugee In The Post-war World /
_cBy Jacques Vernant.
264 1 _aLondon:
_bGeorge Allen & Unwin,
_c1953.
300 _a827 pages,
_c24 cm
336 _2rda content
_atext
337 _2rda media
_aComputer
338 _2rda carrier
_aOnline Resource
504 _aIncludes bibliographical references and index.
546 _aText in English
650 1 4 _aPublic international law
856 4 0 _uhttps://fll.law.cu.edu.eg/fulltext/bks/B11-09122.pdf
905 _a48
942 _2ddc
_cBK
_e21
_n0
999 _c66578
_d66578